000 00571nam a22002057a 4500
003 MPLRDC
005 20220104201338.0
008 210129b ||||| |||| 00| 0 eng d
020 _a978-967-0564-82-1
082 _a859.6 CQF v.2
100 _a陈秋芬
245 _a十二个主将
_c
250 _a初版一刷
260 _a马来西亚
_b红蜻蜓出版有限公司 ODONATA PUBLISHING SDN BHD
_c2016
300 _b
490 _a陈秋芬作品: 02
520 _a上架 2017-06-01。
650 _a儿童故事;儿童小说
942 _cBK
_o859.6 CQF v.2
999 _c67129
_d67119